书目信息 |
| 题名: |
公司上市实务操作指引
|
|
| 作者: | 窦醒亚 , 隋平 编著 | |
| 分册: | ||
| 出版信息: | 北京 法律出版社 2014 |
|
| 页数: | 311页 | |
| 开本: | 23cm | |
| 丛书名: | 资本市场融资操作实务丛书 | |
| 单 册: | ||
| 中图分类: | D922.291.914 | |
| 科图分类: | ||
| 主题词: | 上市公司--公司法--基本知识--中国 , 上市公司 , 公司法 | |
| 电子资源: | ||
| ISBN: | 978-7-5118-6003-3 | |
| 000 | 01059nam0 2200289 450 | |
| 001 | 523 | |
| 005 | 20140908081717.18 | |
| 010 | @a978-7-5118-6003-3@dCNY48.00 | |
| 100 | @a20140627d2014 em y0chiy50 ea | |
| 101 | 0 | @achi |
| 102 | @aCN@b110000 | |
| 105 | @aa z 000yy | |
| 106 | @ar | |
| 200 | 1 | @a公司上市实务操作指引@AGong Si Shang Shi Shi Wu Cao Zuo Zhi Yin@f窦醒亚,隋平编著@FDou Xing Ya, Sui Ping Bian Zhu |
| 210 | @a北京@c法律出版社@d2014 | |
| 215 | @a311页@c图@d23cm | |
| 225 | 2 | @a资本市场融资操作实务丛书 |
| 330 | @a本书详细介绍了公司上市融资业务,系统梳理了公司上市融资流程,内容涵盖上市的标准、先期调查与问题发现、股份制改造与问题解决、辅导与申报、证监会与交易所程序、上市后的注意事项等。 | |
| 461 | 0 | @12001 @a资本市场融资操作实务丛书 |
| 606 | 0 | @a上市公司@x公司法@x基本知识@y中国 |
| 606 | 0 | @a上市公司 |
| 606 | 0 | @a公司法 |
| 690 | @aD922.291.914@v5 | |
| 701 | 0 | @a窦醒亚@ADou Xing Ya@f(1958~)@4编著 |
| 701 | 0 | @a隋平@ASui Ping@f(1971~)@4编著 |
| 801 | 0 | @aCN@bTANGWEI@c20140603 |
| 905 | @b0840731-33@dD922.291.914@e1123@f3 | |
| 公司上市实务操作指引/窦醒亚,隋平编著.-北京:法律出版社,2014 |
| 311页:图;23cm.-(资本市场融资操作实务丛书) |
| ISBN 978-7-5118-6003-3:CNY48.00 |
| 本书详细介绍了公司上市融资业务,系统梳理了公司上市融资流程,内容涵盖上市的标准、先期调查与问题发现、股份制改造与问题解决、辅导与申报、证监会与交易所程序、上市后的注意事项等。 |
| ● |
| 相关链接 |
|
|
|
|
正题名:公司上市实务操作指引
索取号:D922.291.914/1123
 
预约/预借
| 序号 | 登录号 | 条形码 | 馆藏地/架位号 | 状态 | 备注 |
| 1 | 0840731 | 208407311 | 第一样本阅览室/ [索取号:D922.291.914/1123] | 在馆 | |
| 2 | 0840732 | 208407320 | 密集书库-史法系/ [索取号:D922.291.914/1123] | 在馆 | |
| 3 | 0840733 | 208407339 | 第一借阅区/ [索取号:D922.291.914/1123] | 在馆 |